000 00410nam a2200145 a 4500
005 20140414093837.0
008 030611s19uu xx 00 eng d
050 _aCD 793
_bMam 1980
100 _aMamaril, Anastacio
245 _aKing of trumpet & his orchestra :
_b27 best Ballroom dancing hits /
_cAnastacio Mamaril.
440 _aVol. 1
650 _aBallroom dancing.
942 _cAVM
999 _c109089
_d109089